Timber utilisation contract between the Government of Ghana and R. K. Peprah company limited in Subim forest reserve (Record no. 5594)
[ view plain ]
| 000 -LEADER | |
|---|---|
| fixed length control field | 00584nam a22001697a 4500 |
| 003 - CONTROL NUMBER IDENTIFIER | |
| control field | OSt |
| 005 - DATE AND TIME OF LATEST TRANSACTION | |
| control field | 20250730173139.0 |
| 008 - FIXED-LENGTH DATA ELEMENTS--GENERAL INFORMATION | |
| fixed length control field | 250730b |||||||| |||| 00| 0 eng d |
| 041 ## - LANGUAGE CODE | |
| Language code of text/sound track or separate title | English |
| 082 ## - DEWEY DECIMAL CLASSIFICATION NUMBER | |
| Classification number | MLNR/SFR/23 Acc No. 11,644 |
| 110 ## - MAIN ENTRY--CORPORATE NAME | |
| Corporate name or jurisdiction name as entry element | Ministry of Lands and Natural Resources |
| 245 ## - TITLE STATEMENT | |
| Title | Timber utilisation contract between the Government of Ghana and R. K. Peprah company limited in Subim forest reserve |
| 260 ## - PUBLICATION, DISTRIBUTION, ETC. | |
| Place of publication, distribution, etc. | Accra: |
| Name of publisher, distributor, etc. | Forestry Commission, |
| Date of publication, distribution, etc. | 2023. |
| 300 ## - PHYSICAL DESCRIPTION | |
| Extent | 20p., |
| 653 ## - INDEX TERM--UNCONTROLLED | |
| Uncontrolled term | 1. R. K. Peprah company limited 2. Subim forest reserve |
| 942 ## - ADDED ENTRY ELEMENTS (KOHA) | |
| Source of classification or shelving scheme | Dewey Decimal Classification |
| Koha item type | Agreements |
| Suppress in OPAC | No |
| Withdrawn status | Lost status | Source of classification or shelving scheme | Damaged status | Not for loan | Home library | Current library | Shelving location | Date acquired | Total checkouts | Full call number | Date last seen | Copy number | Price effective from | Koha item type |
|---|---|---|---|---|---|---|---|---|---|---|---|---|---|---|
| Dewey Decimal Classification | Main Library | Main Library | Open Shelves | 30/07/2025 | MLNR/SFR/23 Acc No. 11,644 | 30/07/2025 | C1 | 30/07/2025 | Agreements | |||||
| Dewey Decimal Classification | Main Library | Main Library | Open Shelves | 30/07/2025 | MLNR/SFR/23 Acc No. 11,645 | 30/07/2025 | C2 | 30/07/2025 | Agreements |